000 00736nas a2200253 4500
001 BR2012000816
003 BR-BrBNA
005 20231205120116.0
007 ta
008 230509b bl.|||p| |||| 00| 00por d
040 _aBR-BrBNA
_bpor
_cBiblioteca Nacional de Agricultura
041 _a(Pt)
072 _aL70
100 1 _aGogny, M.
100 1 _aCheuiche, Z.
245 1 _aAs propriedades farmacológicas dos opióides utilizados em cães e gatos
650 _aCÃO
650 _aGATO
650 _aMEDICAMENTO
650 _aFARMACOLOGIA
773 0 _tA Hora Veterinária (Brazil)
_xISSN 0101-9163
_g(Jan-Feb 2012), v. 31(185) p. 48-51
_wBR2012000816
909 _a202311
_bLúcia
_c55
_dLúcia Elande
942 _2AGRIS
_n0
_cANA
999 _c217086
_d217086